[Event "QGD Slav defence over 1800"]
[Site "SchemingMind.com"]
[Date "2007.07.14"]
[Round "-"]
[White "thebirdolux"]
[Black "maaac"]
[Result "1-0"]
[WhiteCountry "USA"]
[BlackCountry "AUS"]
[WhiteElo "2104"]
[WhiteRD "108"]
[BlackElo "1754"]
[BlackRD "83"]
[GameID "112928"]

1. d4 d5 2. c4 c6 3. Nf3 Nf6 4. Nc3 dxc4 5. a4 Bf5 6. e3 e6 7. Bxc4 Be7 8. O-O O-O 9. Re1 Bg4 10. h3 Bh5
11. g4 Bg6 12. e4 Nbd7 13. Bf4 c5 14. e5 Ne8 15. d5 exd5 16. Nxd5 Nb6 17. Nxe7+ Qxe7 18. Ba2 Nc7 19. Qd6 Rfe8 20. Bg5 Qxd6
21. exd6 Ne6 22. Be7 Nd8 23. a5 Nd7 24. Bd5 Nc6 25. a6
1-0

[Event "QGD Slav defence over 1800"]
[Site "SchemingMind.com"]
[Date "2007.07.15"]
[Round "-"]
[White "maaac"]
[Black "thebirdolux"]
[Result "0-1"]
[WhiteCountry "AUS"]
[BlackCountry "USA"]
[WhiteElo "1776"]
[WhiteRD "81"]
[BlackElo "2095"]
[BlackRD "105"]
[GameID "112930"]

1. d4 d5 2. c4 c6 3. Nc3 Nf6 4. Nf3 e6 5. e3 Nbd7 6. Bd3 dxc4 7. Bxc4 b5 8. Bb3 b4 9. Na4 Ba6 10. Bd2 c5
11. dxc5 Nxc5 12. Nxc5 Bxc5 13. Ba4+ Kf8 14. Rc1 Qd6 15. Qb3 Rc8 16. Rxc5 Rxc5 17. Bxb4 Rc1+
0-1

[Event "QGD Slav defence over 1800"]
[Site "SchemingMind.com"]
[Date "2007.07.26"]
[Round "-"]
[White "Lazaro"]
[Black "maaac"]
[Result "0-1"]
[WhiteCountry "CUB"]
[BlackCountry "AUS"]
[WhiteElo "1507"]
[WhiteRD "47"]
[BlackElo "1896"]
[BlackRD "66"]
[GameID "114061"]

1. d4 d5 2. c4 c6 3. cxd5 cxd5 4. Nc3 Nf6 5. Bg5 e6 6. e3 Be7 7. Rc1 O-O 8. Bd3 h6 9. Bh4 b6 10. Nf3 Ba6
11. Bxa6 Nxa6 12. O-O Ne4 13. Bxe7 Qxe7 14. Nxe4 dxe4 15. Ne5 Rac8 16. Qa4 Nb8 17. Qb5 Rc7 18. a4 Rfc8 19. Rxc7 Rxc7 20. a5 Nd7
21. g3 bxa5 22. Nxd7 Qxd7 23. Qxa5 Rc2 24. Ra1 Rxb2= 25. Qxa7 Qxa7 26. Rxa7 g5 27. Ra5 Rb6 28. g4 h5 29. Rxg5+ Kh7 30. Rxh5+ Kg6
31. Re5 f5 32. gxf5+ exf5 33. Kg2 Kf6 34. Kg3 Rb2 35. h4 Ra2 36. f3 exf3 37. Kxf3 Rh2 38. Kg3 Rh1 39. Re8 Re1 40. d5 Rd1
41. Re6+ Kf7 42. Kf4 Rxd5 43. Re5 Rd1 44. Rxf5+ Ke6 45. Rg5 Rf1+ 46. Ke4 Rh1 47. h5 Kf6
0-1

[Event "QGD Slav defence over 1800"]
[Site "SchemingMind.com"]
[Date "2007.07.31"]
[Round "-"]
[White "maaac"]
[Black "Lazaro"]
[Result "1-0"]
[WhiteCountry "AUS"]
[BlackCountry "CUB"]
[WhiteElo "1886"]
[WhiteRD "62"]
[BlackElo "1595"]
[BlackRD "46"]
[GameID "114064"]

1. d4 d5 2. c4 c6 3. Nc3 Nf6 4. Nf3 e6 5. cxd5 exd5 6. Bg5 Be7 7. Qc2 O-O 8. e3 Nbd7 9. Bd3 h6 10. Bxf6 Bxf6
11. O-O Re8 12. b4 a6 13. a4 Nf8 14. b5 axb5 15. axb5 Bd7 16. bxc6 bxc6 17. Na4 Ne6 18. Nc5 Rxa1 19. Rxa1 Qe7 20. Nxe6 Bxe6
21. Qxc6 Rc8= 22. Qb6 g6 23. h3 Qd7 24. Ra7 Rc1+ 25. Kh2 Qc8 26. Ne5 Rd1 27. Rc7 Qa8 28. Bxg6 Bxe5+ 29. dxe5 Qa1 30. Bxf7+ Bxf7
31. Qf6 Rh1+ 32. Kg3 Rxh3+ 33. gxh3 Qg1+ 34. Kh4 Qg5+ 35. Qxg5+ hxg5+ 36. Kxg5
1-0

[Event "QGD Slav defence over 1800"]
[Site "SchemingMind.com"]
[Date "2007.07.31"]
[Round "-"]
[White "Aumonde"]
[Black "maaac"]
[Result "1-0"]
[WhiteCountry "USA"]
[BlackCountry "AUS"]
[WhiteElo "2280"]
[WhiteRD "56"]
[BlackElo "1737"]
[BlackRD "86"]
[GameID "114152"]

1. d4 d5 2. c4 c6 3. Nf3 Nf6 4. Qc2 e6 5. e3 Nbd7 6. Bd3 Bd6 7. O-O O-O 8. Nc3 dxc4 9. Bxc4 b5 10. Bd3 Bb7
11. a3 e5 12. Bd2 a6 13. Ne4 Qe7 14. Nxd6 Qxd6 15. dxe5 Nxe5 16. Nxe5 Qxe5 17. Bc3 Qh5 18. Bxf6 gxf6 19. Be4 Kh8 20. b4 Rg8
21. Rad1 Raf8 22. Rd6 Qg5 23. Rfd1 f5 24. Bxc6 Rc8 25. Qb2+
1-0

[Event "QGD Slav defence over 1800"]
[Site "SchemingMind.com"]
[Date "2007.07.31"]
[Round "-"]
[White "Aumonde"]
[Black "Lazaro"]
[Result "1-0"]
[WhiteCountry "USA"]
[BlackCountry "CUB"]
[WhiteElo "2201"]
[WhiteRD "62"]
[BlackElo "1595"]
[BlackRD "46"]
[GameID "114153"]

1. d4 d5 2. c4 c6 3. Nc3 Nf6 4. e3 e6 5. Nf3 Bd6 6. Bd3 Nbd7 7. e4 dxe4 8. Nxe4 Nxe4 9. Bxe4 Nf6 10. Bc2 b6
11. O-O Bb7 12. Ne5 Qc7 13. Re1 Rd8 14. Qe2 c5 15. dxc5 Qxc5 16. Bf4 O-O 17. Rad1 a6 18. a3 Bc7 19. Rxd8 Rxd8 20. Nxf7 Qc6
21. Qf3 Qxf3 22. gxf3 Kxf7 23. Bxc7 Rd2 24. Rc1 b5 25. cxb5 axb5 26. Bf4 Rd4 27. Be3 Rc4 28. b3 Rc8 29. Bd3 Rxc1+ 30. Bxc1 b4
31. axb4 Bxf3 32. b5 e5 33. Bf5 Nd5 34. Ba3 g6 35. Bh3 Kf6 36. Bc5 Nc7 37. b6 Ne6 38. Bd6 Bb7 39. Bg2 e4 40. Bf1 Nd4
41. Bc4 h6 42. Kf1 g5 43. Ke1 Kf5 44. Kd2
1-0

[Event "QGD Slav defence over 1800"]
[Site "SchemingMind.com"]
[Date "2007.07.31"]
[Round "-"]
[White "Aumonde"]
[Black "thebirdolux"]
[Result "1-0"]
[WhiteCountry "USA"]
[BlackCountry "USA"]
[WhiteElo "2249"]
[WhiteRD "57"]
[BlackElo "1875"]
[BlackRD "92"]
[GameID "114154"]

1. d4 d5 2. c4 c6 3. e3 Bf5 4. cxd5 cxd5 5. Qb3 Qc8 6. Bb5+ Nc6 7. Qxd5 e6 8. Qc4 Be4 9. f3 Bd5 10. Qa4 a6
11. Be2 f5 12. Nc3 Nf6 13. Nh3 Bd6 14. Nf2 O-O 15. e4 b5 16. Qd1
1-0

[Event "QGD Slav defence over 1800"]
[Site "SchemingMind.com"]
[Date "2007.07.31"]
[Round "-"]
[White "maaac"]
[Black "Aumonde"]
[Result "0-1"]
[WhiteCountry "AUS"]
[BlackCountry "USA"]
[WhiteElo "1737"]
[WhiteRD "86"]
[BlackElo "2280"]
[BlackRD "56"]
[GameID "114156"]

1. d4 d5 2. c4 c6 3. Nc3 e6 4. Nf3 a6 5. c5 Nf6 6. Bg5 Nbd7 7. e3 h6 8. Bh4 b6 9. b4 bxc5 10. bxc5 Qa5
11. Qc2 Ne4 12. Rc1 g5 13. Bg3 Bg7 14. Bd3 Ndxc5 15. O-O Nxg3 16. fxg3 Nxd3 17. Qxd3 c5 18. Ne5 Bxe5 19. dxe5 Rb8 20. Rf6 Qc7
21. Rcf1 Rf8 22. Qh7 Rb7 23. Qxh6 Qxe5 24. Nd1 Bd7 25. h4 gxh4 26. gxh4 Rb1 27. Qh7 Rxd1
0-1

[Event "QGD Slav defence over 1800"]
[Site "SchemingMind.com"]
[Date "2007.07.31"]
[Round "-"]
[White "Lazaro"]
[Black "Aumonde"]
[Result "0-1"]
[WhiteCountry "CUB"]
[BlackCountry "USA"]
[WhiteElo "1595"]
[WhiteRD "46"]
[BlackElo "2201"]
[BlackRD "62"]
[GameID "114157"]

1. d4 d5 2. c4 c6 3. cxd5 cxd5 4. Nc3 Nf6 5. Bg5 Nc6 6. Bxf6 gxf6 7. e3 a6 8. Bd3 e5 9. Nge2 h5 10. Bc2 Be6
11. Bb3 Qa5 12. O-O O-O-O 13. Rc1= Kb8 14. Ba4 Ne7 15. b4 Qxb4 16. Rb1 Qa5 17. Qb3 Bc8 18. Rfc1 Ka8 19. Ne4 b5 20. Bxb5 axb5
21. Nxf6 Bf5 22. e4 dxe4 23. Rc5 Rb8 24. Ne8 Rb6 25. Nc7+ Kb8 26. Rxb5 Rxb5 27. Nxb5 Be6 28. Qb2 Kc8 29. dxe5 Nd5 30. Nbc3 Nb4
31. a3 Qxe5 32. axb4 Bd6 33. g3 Kd7 34. Qa1 Rc8 35. b5 h4 36. b6 hxg3 37. hxg3 e3 38. f4 Qc5 39. Qa7+ Kd8 40. Rd1 Rc6
41. Qa8+ Ke7
0-1

[Event "QGD Slav defence over 1800"]
[Site "SchemingMind.com"]
[Date "2007.07.31"]
[Round "-"]
[White "thebirdolux"]
[Black "Aumonde"]
[Result "0-1"]
[WhiteCountry "USA"]
[BlackCountry "USA"]
[WhiteElo "1875"]
[WhiteRD "92"]
[BlackElo "2249"]
[BlackRD "57"]
[GameID "114158"]

1. d4 d5 2. c4 c6 3. Nf3 Nf6 4. Nc3 dxc4 5. a4 Bf5 6. Nh4 Be6 7. e4 Na6 8. Be2 Nb4 9. O-O g6 10. Nf3 Nd3
11. Bg5 Bg7 12. b3 h6 13. Be3 Ng4 14. Rb1 Nxe3 15. fxe3 a5 16. bxc4 Nb4
0-1

[Event "QGD Slav defence over 1800"]
[Site "SchemingMind.com"]
[Date "2007.08.01"]
[Round "-"]
[White "egis"]
[Black "AlekhineKid"]
[Result "1-0"]
[WhiteCountry "LTU"]
[BlackCountry "USA"]
[WhiteElo "1998"]
[WhiteRD "75"]
[BlackElo "1902"]
[BlackRD "79"]
[GameID "114336"]

1. d4 d5 2. c4 c6 3. Nc3 Nf6 4. cxd5 cxd5 5. Bg5 e6 6. Nf3 Qb6 7. Qc2 Nbd7 8. e3 Bd6 9. Bd3 O-O 10. O-O h6
11. Bxf6 Nxf6 12. Bb5 Bd7 13. Bxd7 Nxd7 14. b3 Rfc8 15. Qb2 Qa5 16. Ne2 Ba3 17. Qb1 Qd2 18. Nxd2
1-0

[Event "QGD Slav defence over 1800"]
[Site "SchemingMind.com"]
[Date "2007.08.01"]
[Round "-"]
[White "egis"]
[Black "Aumonde"]
[Result "0-1"]
[WhiteCountry "LTU"]
[BlackCountry "USA"]
[WhiteElo "2036"]
[WhiteRD "73"]
[BlackElo "2219"]
[BlackRD "65"]
[GameID "114337"]

1. d4 d5 2. c4 c6 3. Nc3 e6 4. cxd5 exd5 5. Nf3 Bf5 6. e3 Bd6 7. Be2 Nf6 8. O-O O-O 9. b3 Nbd7 10. a4 Ne4
11. Nxe4 dxe4 12. Nd2 Qc7 13. h3 Nf6 14. Nc4 Be7 15. Ne5 Nd5 16. Bc4 Rfe8 17. Bb2 Bb4 18. Bxd5 cxd5 19. Qe2 Qe7 20. Qb5 Red8
21. Rab1 a6 22. Qe2 f6 23. Ng4 Rac8 24. Rfd1 Qf7 25. Rbc1 Qg6 26. Rxc8 Rxc8 27. Kh1 Qf7 28. Kg1 Bd6 29. Rb1 Qc7 30. g3 Qc2
31. Qxc2 Rxc2 32. Kg2 Bd7 33. Nh2 b5 34. axb5 Bxb5 35. Ba1 a5 36. h4 Bd3 37. Rd1 Bb4 38. h5 Be2 39. Rb1 Bxh5 40. g4 Be8
41. Nf1 Bb5 42. Nh2 Bd3 43. Rd1 h6 44. Rg1 Re2 45. Rf1 Kf7 46. Kg1 Bc2 47. Kg2 Bd2 48. Kg3 Bxb3 49. Rb1 Bc2 50. Rf1 Bd3
51. Bb2 Bxe3 52. Bc3 Ba6 53. fxe3 Rxe3+ 54. Rf3 exf3 55. Bxa5 Be2 56. Bb4 Bd1 57. Kh3 Re2 58. Nf1 Bc2 59. Bd6 Bd3 60. Bg3 g5
61. Nh2 Be4 62. Nf1 f5 63. Bb8 Re1 64. Kg3 Rxf1 65. gxf5 Rg1+ 66. Kf2 Rg2+ 67. Ke1 f2+ 68. Ke2 Bd3+ 69. Kd2 f1=Q+
0-1

[Event "QGD Slav defence over 1800"]
[Site "SchemingMind.com"]
[Date "2007.08.01"]
[Round "-"]
[White "egis"]
[Black "maaac"]
[Result "1/2-1/2"]
[WhiteCountry "LTU"]
[BlackCountry "AUS"]
[WhiteElo "2015"]
[WhiteRD "70"]
[BlackElo "1863"]
[BlackRD "75"]
[GameID "114338"]

1. d4 d5 2. c4 c6 3. Nc3 Nf6 4. cxd5 cxd5 5. Bg5 e6 6. Nf3 Be7 7. e3 O-O 8. Bd3 Nc6 9. O-O h6 10. Bxf6 Bxf6
11. Bb5 Qe7 12. b3 a6 13. Bxc6 bxc6 14. a4 a5 15. Ne5 c5 16. Ng4 Ba6 17. Nb5 Rfc8 18. Rc1 cxd4 19. Nxf6+ Qxf6 20. Rxc8+ Rxc8
21. exd4 Qe7 22. Qd2 Qb4 23. Qxb4 axb4 24. f3 Rb8 25. Rc1 Bxb5 26. axb5 Rxb5 27. h4 g5 28. Rc8+ Kg7 29. h5 Ra5 30. Rb8 Ra2
31. Rxb4 Kf6 32. g4 Rb2 33. Kf1 Ke7 34. Rb7+ Kf6 35. Ke1 Kg7 36. Kf1 Kf6=
1/2-1/2

[Event "QGD Slav defence over 1800"]
[Site "SchemingMind.com"]
[Date "2007.08.01"]
[Round "-"]
[White "egis"]
[Black "Lazaro"]
[Result "1-0"]
[WhiteCountry "LTU"]
[BlackCountry "CUB"]
[WhiteElo "2036"]
[WhiteRD "73"]
[BlackElo "1484"]
[BlackRD "56"]
[GameID "114339"]

1. d4 d5 2. c4 c6 3. Nc3 Nf6 4. cxd5 cxd5 5. e3 Nc6 6. Bb5 a6 7. Ba4 b5 8. Bb3 Bg4 9. Nf3 e6 10. O-O Bd6
11. a3 Ne4 12. Nxe4 dxe4 13. Qc2 Qc7 14. h3 exf3 15. hxg4 fxg2 16. Kxg2 Na5 17. Qxc7 Bxc7 18. Bd1 Bd6 19. Bd2 Nc4 20. Bc3 Rc8
21. Bb3 h5 22. gxh5 Rxh5 23. Rh1 Rh6 24. Rxh6 gxh6 25. Rh1 Bf8 26. Kf3 Nxa3 27. Ra1
1-0

[Event "QGD Slav defence over 1800"]
[Site "SchemingMind.com"]
[Date "2007.08.01"]
[Round "-"]
[White "Aumonde"]
[Black "egis"]
[Result "1-0"]
[WhiteCountry "USA"]
[BlackCountry "LTU"]
[WhiteElo "2201"]
[WhiteRD "62"]
[BlackElo "2006"]
[BlackRD "74"]
[GameID "114342"]

1. d4 d5 2. c4 c6 3. Nd2 dxc4 4. Nxc4 e6 5. Nf3 Nf6 6. Bf4 Nbd7 7. Qc2 Be7 8. e4 O-O 9. Be2 b5 10. Nce5 Nxe5
11. dxe5 Nd7 12. O-O Bb7 13. Rfd1 a5 14. Rac1 a4 15. Qd2 Nb6 16. Qe3 Nd7 17. Nd4 Rc8 18. Rc3 Bb4 19. Rcd3 Bc5 20. Qg3 Re8
21. Nxe6 Rxe6 22. Rxd7 Qb6 23. Bg4 Re7 24. e6 Rf8 25. Rxe7 Bxe7 26. exf7+ Rxf7 27. Be6 Bc8 28. Bxc8 Kh8 29. Be6 Rf6 30. Be5 c5
31. Bf5 Bf8 32. Qh4 h6 33. Qh5 a3 34. Bxf6 Qxf6 35. e5 Qxe5 36. Qg6 Kg8 37. Be6+ Kh8 38. Qf7 Qxe6 39. Qxe6 axb2 40. Qf7 Bd6
41. Qe8+ Kh7 42. Qe4+ Kg8 43. Rxd6 b1=Q+ 44. Qxb1 b4 45. Rd8+ Kf7 46. Qf5+
1-0

[Event "QGD Slav defence over 1800"]
[Site "SchemingMind.com"]
[Date "2007.08.01"]
[Round "-"]
[White "maaac"]
[Black "egis"]
[Result "0-1"]
[WhiteCountry "AUS"]
[BlackCountry "LTU"]
[WhiteElo "1863"]
[WhiteRD "75"]
[BlackElo "2015"]
[BlackRD "70"]
[GameID "114343"]

1. d4 d5 2. c4 c6 3. Nc3 Nf6 4. Nf3 e6 5. Bg5 Be7 6. e3 O-O 7. Bd3 Nbd7 8. O-O h6 9. Bh4 dxc4 10. Bxc4 b5
11. Bb3 a5 12. Ne5 Nxe5 13. dxe5 Nd5 14. Bxe7 Qxe7 15. Ne4 a4 16. Bc2 Qb4 17. Rb1 Bd7 18. Qd3 Be8 19. f4 f6 20. exf6 Nxf6
21. Nxf6+ Rxf6 22. Qh7+ Kf8 23. Rf3 Qc4 24. Rg3 g5 25. fxg5 hxg5 26. Rxg5 Rf7 27. Qh8+ Ke7 28. Bg6 Qe2 29. Bxf7 Qxe3+ 30. Kh1 Qxg5
31. Bxe8 Rd8 32. Rf1 Qf5 33. Re1 Rxe8 34. Qh7+ Qxh7
0-1

[Event "QGD Slav defence over 1800"]
[Site "SchemingMind.com"]
[Date "2007.08.01"]
[Round "-"]
[White "Lazaro"]
[Black "egis"]
[Result "0-1"]
[WhiteCountry "CUB"]
[BlackCountry "LTU"]
[WhiteElo "1507"]
[WhiteRD "47"]
[BlackElo "2026"]
[BlackRD "72"]
[GameID "114344"]

1. d4 d5 2. c4 c6 3. cxd5 cxd5 4. Nc3 e6 5. Nf3 Bb4 6. Ne5 Ne7 7. e3 O-O 8. Bd3 Nbc6 9. Qh5 g6 10. Qh4 a6
11. Ng4 Nf5 12. Nf6+ Kg7 13. Bxf5 exf5 14. Qxh7+ Kxf6 15. Qh4+ Ke6 16. Qh7 Rh8 17. Qg7 Bd7 18. g4 fxg4 19. e4 Bxc3+ 20. bxc3 Qg8
21. exd5+ Kxd5 22. Qf6 Qe8+ 23. Be3 Bf5
0-1

[Event "QGD Slav defence over 1800"]
[Site "SchemingMind.com"]
[Date "2007.08.08"]
[Round "-"]
[White "Apocalypse"]
[Black "AlekhineKid"]
[Result "1-0"]
[WhiteCountry "USA"]
[BlackCountry "USA"]
[WhiteElo "2221"]
[WhiteRD "74"]
[BlackElo "1861"]
[BlackRD "77"]
[GameID "115199"]

1. d4 d5 2. c4 c6 3. e3 Bf5 4. cxd5 cxd5 5. Qb3 Qd7 6. Nc3 e6 7. Nf3 Bd6 8. Nb5 Nc6 9. Nxd6+ Qxd6 10. Qxb7 Rb8
11. Qa6 Nge7 12. b3 O-O 13. Ba3 Qd8 14. Bb5 Rb6 15. Qa4 Qb8 16. Bxc6 Nxc6 17. Bxf8 Qxf8 18. Ne5 Nxe5 19. dxe5 Bd3 20. Qd4 Ba6
21. Rc1 h5 22. f3 Qa3 23. Rc2
1-0

[Event "QGD Slav defence over 1800"]
[Site "SchemingMind.com"]
[Date "2007.08.09"]
[Round "-"]
[White "Apocalypse"]
[Black "Aumonde"]
[Result "1-0"]
[WhiteCountry "USA"]
[BlackCountry "USA"]
[WhiteElo "2066"]
[WhiteRD "91"]
[BlackElo "2280"]
[BlackRD "56"]
[GameID "115200"]

1. d4 d5 2. c4 c6 3. Nf3 Nf6 4. e3 Bf5 5. Nc3 e6 6. Nh4 Bg4 7. Qb3 Qc7 8. h3 h5 9. cxd5 Nxd5 10. e4 Nxc3
11. bxc3 Be7 12. Ng6 fxg6 13. hxg4 Qd7 14. Bc4 Kf7 15. gxh5 Rxh5 16. Rxh5 gxh5 17. Qd1 g6 18. Qf3+ Kg8 19. Qf4
1-0

[Event "QGD Slav defence over 1800"]
[Site "SchemingMind.com"]
[Date "2007.08.08"]
[Round "-"]
[White "Apocalypse"]
[Black "maaac"]
[Result "1-0"]
[WhiteCountry "USA"]
[BlackCountry "AUS"]
[WhiteElo "2195"]
[WhiteRD "78"]
[BlackElo "1829"]
[BlackRD "76"]
[GameID "115201"]

1. d4 d5 2. c4 c6 3. c5 b6 4. cxb6 axb6 5. Nf3 Nf6 6. Bf4 Bf5 7. Nc3 e6 8. e3 Be7 9. Bxb8 Qxb8 10. Ne5 Qb7
11. Nxc6 O-O 12. Nxe7+ Qxe7 13. f3 e5 14. dxe5 Qxe5 15. Qd4 Qe6 16. Bb5 Rfd8 17. O-O h5 18. a4 Kh8 19. Rfc1 Kg8 20. b4 h4
21. Ne2 Rdc8 22. Qf4 Nh5 23. Qg5 Bg6 24. Rxc8+ Rxc8 25. Nd4 Qd6 26. Nf5 Bxf5 27. Qxf5 Qe6 28. Qxe6 fxe6 29. Bd7 Rd8 30. Bxe6+ Kf8
31. a5
1-0

[Event "QGD Slav defence over 1800"]
[Site "SchemingMind.com"]
[Date "2007.08.13"]
[Round "-"]
[White "Apocalypse"]
[Black "egis"]
[Result "1-0"]
[WhiteCountry "USA"]
[BlackCountry "LTU"]
[WhiteElo "2311"]
[WhiteRD "76"]
[BlackElo "2045"]
[BlackRD "75"]
[GameID "115202"]

1. d4 d5 2. c4 c6 3. Nc3 Nf6 4. e3 e6 5. Nf3 Bb4 6. Bd3 O-O 7. Qc2 Nbd7 8. O-O Bxc3 9. Qxc3 a5 10. b3 Qc7
11. Qc2 Nb6 12. Ba3 Re8 13. Ne5 Nbd7 14. f4 Nb6 15. Rf3 Bd7 16. Rh3 h6 17. g4 Ne4 18. g5 h5 19. Bxe4 dxe4 20. Rxh5 Nd5
21. Qf2 Nb4 22. Qh4 Kf8 23. Rh7 Ke7 24. Bxb4+ axb4 25. Nxf7 g6 26. Qh6 Rg8 27. Ne5+ Kd8 28. Rxd7+ Qxd7 29. Nxd7 Ra7 30. Qh7 Rh8
31. Qxh8+ Kxd7 32. d5 exd5 33. cxd5 Ra5 34. Qg7+ Kd6 35. Qe5+ Kd7 36. dxc6+ Kxc6 37. Qxa5 b6 38. Qa8+ Kc7 39. Rc1+
1-0

[Event "QGD Slav defence over 1800"]
[Site "SchemingMind.com"]
[Date "2007.08.08"]
[Round "-"]
[White "Apocalypse"]
[Black "Lazaro"]
[Result "1-0"]
[WhiteCountry "USA"]
[BlackCountry "CUB"]
[WhiteElo "2278"]
[WhiteRD "77"]
[BlackElo "1507"]
[BlackRD "47"]
[GameID "115203"]

1. d4 d5 2. c4 c6 3. cxd5 cxd5 4. Bf4 Nc6 5. e3 Nf6 6. Nc3 e6 7. Nf3 Bd6 8. Bxd6 Qxd6 9. Bd3 a6= 10. O-O Bd7
11. Qc2 Nb4 12. Qd2 Nxd3 13. Qxd3 Bc6 14. Rfc1 Rc8 15. Qd1 O-O 16. Ne5 Nd7 17. Nd3 Rc7 18. a4 a5 19. Nb5 Bxb5 20. axb5 b6
21. Rxc7 Qxc7 22. Rc1 Qb7 23. Qc2 Rb8 24. Qc6 g6 25. Qd6 Rc8 26. Rc6
1-0

[Event "QGD Slav defence over 1800"]
[Site "SchemingMind.com"]
[Date "2007.08.05"]
[Round "-"]
[White "Apocalypse"]
[Black "thebirdolux"]
[Result "1-0"]
[WhiteCountry "USA"]
[BlackCountry "USA"]
[WhiteElo "2066"]
[WhiteRD "91"]
[BlackElo "1893"]
[BlackRD "90"]
[GameID "115204"]

1. d4 d5 2. c4 c6 3. Nf3 Nf6 4. e3 Bf5 5. Nc3 e6 6. Nh4 Be4 7. f3 Bg6 8. a3 Bh5 9. cxd5 Nxd5 10. g3 Nd7
11. Ng2
1-0

[Event "QGD Slav defence over 1800"]
[Site "SchemingMind.com"]
[Date "2007.08.08"]
[Round "-"]
[White "AlekhineKid"]
[Black "Apocalypse"]
[Result "1/2-1/2"]
[WhiteCountry "USA"]
[BlackCountry "USA"]
[WhiteElo "1902"]
[WhiteRD "79"]
[BlackElo "2126"]
[BlackRD "82"]
[GameID "115205"]

1. d4 d5 2. c4 c6 3. cxd5 cxd5 4. Nf3 Nf6 5. Nc3 Nc6 6. Bf4 Ne4 7. e3 Nxc3 8. bxc3 e6 9. Bd3 Bd6 10. Bg3 b6
11. Bb5 Qc7 12. Bxd6 Qxd6 13. Ne5 Bd7 14. Nxd7 Qxd7 15. Qa4 Rc8 16. Rc1 O-O 17. O-O Qd6 18. c4 Na5 19. cxd5 exd5 20. Ba6 Rc7
21. Rc2 f5 22. Rfc1 Rcf7 23. a3 f4 24. Qb4 Qh6 25. Qc3 Re7 26. Qb4 Ref7= 27. Qc3 Re7 28. Qb4 Ref7
1/2-1/2

[Event "QGD Slav defence over 1800"]
[Site "SchemingMind.com"]
[Date "2007.08.09"]
[Round "-"]
[White "Aumonde"]
[Black "Apocalypse"]
[Result "1/2-1/2"]
[WhiteCountry "USA"]
[BlackCountry "USA"]
[WhiteElo "2181"]
[WhiteRD "63"]
[BlackElo "2221"]
[BlackRD "74"]
[GameID "115206"]

1. d4 d5 2. c4 c6 3. Nc3 Nf6 4. e3 a6 5. Nf3 b5 6. b3 Bf5 7. a4 bxc4 8. bxc4 e6 9. Be2 Ne4 10. Nxe4 Bxe4
11. O-O Nd7 12. a5 Qc7 13. Nd2 Bd6 14. c5 Bxh2+ 15. Kh1 h5 16. Nxe4 dxe4 17. Rb1 h4 18. Bc4 Nf6 19. Bd2 Ke7 20. Qc2 g5
21. Rb6 Ra7 22. Bxa6 Bg1 23. Kxg1 Ng4 24. g3 hxg3 25. Qxe4 gxf2+ 26. Kg2 Rh3 27. Kxh3 Qh2+ 28. Kxg4 f5+ 29. Kf3 g4+ 30. Ke2 fxe4
31. Rxf2 Qh5 32. Ke1 g3 33. Rg2 Rxa6 34. Rxg3 Qh4 35. Rb7+ Kf6 36. Rg7 e5 37. Rg4 Qh7 38. Kd1 Ra7 39. dxe5+ Ke6=
1/2-1/2

[Event "QGD Slav defence over 1800"]
[Site "SchemingMind.com"]
[Date "2007.08.08"]
[Round "-"]
[White "maaac"]
[Black "Apocalypse"]
[Result "0-1"]
[WhiteCountry "AUS"]
[BlackCountry "USA"]
[WhiteElo "1829"]
[WhiteRD "76"]
[BlackElo "2195"]
[BlackRD "78"]
[GameID "115207"]

1. d4 d5 2. c4 c6 3. Nc3 Nf6 4. Nf3 e6 5. e3 a6 6. c5 Nbd7 7. Bd3 e5 8. dxe5 Ng4 9. O-O Bxc5 10. e4 d4
11. Ne2 Ndxe5 12. Nxe5 Nxe5 13. Bf4 Nxd3 14. Qxd3 Qf6 15. e5 Qg6 16. Qc4 b6 17. Nxd4 Bh3 18. Bg3 Qe4 19. gxh3 Bxd4 20. Rac1 c5
21. Rfe1 Qf5 22. e6 O-O 23. e7 Rfe8 24. b4 h5 25. Re2 Ra7 26. Rce1 Qf6 27. bxc5 bxc5 28. Qd5 h4 29. Bb8 Raxe7 30. Rxe7 Qxf2+
31. Kh1 Rxe7
0-1

[Event "QGD Slav defence over 1800"]
[Site "SchemingMind.com"]
[Date "2007.08.13"]
[Round "-"]
[White "egis"]
[Black "Apocalypse"]
[Result "0-1"]
[WhiteCountry "LTU"]
[BlackCountry "USA"]
[WhiteElo "2032"]
[WhiteRD "72"]
[BlackElo "2362"]
[BlackRD "77"]
[GameID "115208"]

1. d4 d5 2. c4 c6 3. Nc3 Nf6 4. cxd5 cxd5 5. Bf4 Nc6 6. Nf3 Nh5 7. e3 Nxf4 8. exf4 e6 9. Ne5 Bd6 10. Bb5 O-O
11. O-O Bd7 12. a4 Be8 13. b3 Qb6 14. Bxc6 bxc6 15. Re1 a5 16. g3 Bb4 17. Qd3 f6 18. Nf3 Bg6 19. Qe3 Rfe8 20. Kg2 c5
21. Rec1 cxd4 22. Qxd4 Bc5 23. Qd2 d4 24. Nb5 Rad8 25. Kg1 Bb4 26. Qd1 e5 27. fxe5 fxe5 28. Rc7 d3 29. Rac1 Bh5 30. R1c6 Qxc6
31. Rxc6 e4 32. Rc3 Bxf3 33. Qd2 Rc8 34. Qe3 Bxc3 35. h3 Bb4 36. Kh2 d2 37. Qxf3 exf3 38. h4 Re1 39. Kh3 h5 40. g4 Rh1+
41. Kg3 Rf8
0-1

[Event "QGD Slav defence over 1800"]
[Site "SchemingMind.com"]
[Date "2007.08.04"]
[Round "-"]
[White "Lazaro"]
[Black "Apocalypse"]
[Result "0-1"]
[WhiteCountry "CUB"]
[BlackCountry "USA"]
[WhiteElo "1874"]
[WhiteRD "51"]
[BlackElo "2195"]
[BlackRD "78"]
[GameID "115209"]

1. d4 d5 2. c4 c6 3. cxd5 cxd5 4. Nc3 Nf6 5. Bg5 e6 6. e3 Be7 7. Bd3 Nbd7 8. Nf3 a6 9. O-O O-O 10. Qc2 b5
11. a4 b4 12. Ne2 Bb7 13. Rfc1 Rc8 14. Qd1 a5 15. Rxc8 Qxc8 16. Rc1= Qb8 17. Ne5 Bd6 18. Bb5 Nxe5
0-1

[Event "QGD Slav defence over 1800"]
[Site "SchemingMind.com"]
[Date "2007.08.05"]
[Round "-"]
[White "thebirdolux"]
[Black "Apocalypse"]
[Result "0-1"]
[WhiteCountry "USA"]
[BlackCountry "USA"]
[WhiteElo "1893"]
[WhiteRD "90"]
[BlackElo "2066"]
[BlackRD "91"]
[GameID "115210"]

1. d4 d5 2. c4 c6 3. Nc3 Nf6 4. e3 a6 5. Qc2 Bg4 6. f3 Bh5 7. Qb3 Ra7 8. Nh3 e6 9. c5 Nbd7 10. Bd2 e5
11. Be2 Be7
0-1

[Event "QGD Slav defence over 1800"]
[Site "SchemingMind.com"]
[Date "2007.08.11"]
[Round "-"]
[White "GrischukFan"]
[Black "AlekhineKid"]
[Result "1-0"]
[WhiteCountry "GER"]
[BlackCountry "USA"]
[WhiteElo "2293"]
[WhiteRD "84"]
[BlackElo "1902"]
[BlackRD "79"]
[GameID "115510"]

1. d4 d5 2. c4 c6 3. Nf3 e6 4. e3 Nf6 5. Nc3 Nbd7 6. Bd3 dxc4 7. Bxc4 b5 8. Bd3 Bb7 9. O-O a6 10. e4 c5
11. d5 Qc7 12. dxe6 fxe6 13. Bc2 c4 14. Nd4 Nc5 15. Be3 e5 16. Nf5 Rd8 17. Qe2 g6 18. Bg5 Qf7 19. Nh6 Qe6 20. f4 Nd3
21. fxe5 Bc5+ 22. Kh1 Nh5 23. Bxd8
1-0

[Event "QGD Slav defence over 1800"]
[Site "SchemingMind.com"]
[Date "2007.08.08"]
[Round "-"]
[White "GrischukFan"]
[Black "Apocalypse"]
[Result "1/2-1/2"]
[WhiteCountry "GER"]
[BlackCountry "USA"]
[WhiteElo "2347"]
[WhiteRD "85"]
[BlackElo "2221"]
[BlackRD "74"]
[GameID "115511"]

1. d4 d5 2. c4 c6 3. Nf3 Nf6 4. Nc3 a6 5. e3 b5 6. b3 Bf5 7. Bd3 Bxd3 8. Qxd3 Nbd7 9. O-O e6 10. a3 dxc4
11. bxc4 Nb6 12. cxb5 axb5 13. e4 Be7 14. Ne5 Qc8 15. Bg5 O-O 16. Rfc1 Bxa3 17. Nxb5 Bxc1 18. Rxc1 Ra4 19. Nxc6 Qa6 20. Bxf6 gxf6
21. h4 Ra1 22. Rxa1 Qxa1+ 23. Kh2 Qc1 24. Ne7+ Kh8 25. Qf3 Qh6 26. g3=
1/2-1/2